000
00225nam a22000977a 4500
999
_c
521809
_d
521809
082
_a
TNC
100
_a
Asian
_9
36040
245
_a
Energy Policy Experience Of Asian Countries
260
_a
Manila
_b
Asian
_c
1987
300
_a
186p.